| 000 | 00329nam a22001337a 4500 | ||
|---|---|---|---|
| 003 | OSt | ||
| 008 | 231012b |||||||| |||| 00| 0 eng d | ||
| 041 | _amal | ||
| 082 |
_a894.81209 _bBAL/NO |
||
| 100 |
_aBalakrishnan, P K _94890 |
||
| 245 | _aSidhiyum Sadhanayum | ||
| 260 |
_aKottayam : _bNational Book Stall. _c1968 |
||
| 942 | _cBK | ||
| 999 |
_c17742 _d17742 |
||